00513nam a22001217a 4500008004100000082002000041110002800061245017000089300000800259942001200267999001300279952009900292230605b xxu||||| |||| 00| 0 eng d a328.676005bKEN bKenya national Assembly aRepublic of kenyabNational Assembly Standing orderscAs amended up to and including october 28, 1992, Being the date of dissolution of the sixth parliament of kenya a80p 2ddccBK c337d337 00102ddc4070a001b001d2023-06-05l0o328.676005 KENp10012085r2023-06-05w2023-06-05yBK